01003cam a2200277 a 450000100100000000500170001000800410002704000250006804100130009308200170010610000380012324000370016124500740019826000330027230000210030549000360032650400120036253400460037465000280042065000300044865000380047870000310051683000430054795201200059099900150071000000277620200929150244.0760909s1947 ag 001 p spa  aDO-SdBNPbspacBNPHU17aspahfre a841.5bB836p1 aBremond, Henri,d1865-1933.9875310aPrière et poèsie.lEspañol10aPlegaria y poesía /cHenri Bremond ; traducción de Elsa Tabernig. aBuenos Aires :bNova,c1947. a199 p. ;c21 cm.1 aLa vida del espírituvno. 340 aIncluye aTítulo original:tPrière et poèsie. 4aPoesía francesa94916 4aLiteratura francesa91074 4aMisticismo en la literatura987541 aTabernig, Elsa,etr.98755 3aLa vida del espíritu;vno. 34098693 001052708MOaGRbGRcCTd2009-07-06iLF1l0o841.5 B836pp2776-10r2020-06-25w2020-06-25y2ZPréstamo interno c2610d2610